Album Covers by Letter - F - Statistics

General Stats
  • This quiz has been taken 193 times
  • The average score is 7 of 16
Answer Stats
Picture Answer % Correct
The Fame - Lady Gaga
81%
Fleetwood Mac - Fleetwood Mac
71%
Future Nostalgia - Dua Lipa
71%
Face Value - Phil Collins
59%
Fallen - Evanescence
59%
Favourite Worst Nightmare - Arctic Monkeys
54%
For All the Dogs - Drake
53%
Folklore - Taylor Swift
50%
A Fever You Can't Sweat Out - Panic! at the Disco
31%
From Zero - Linkin Park
28%
Funeral - Arcade Fire
28%
Fore! - Huey Lewis and the News
19%
Future Past - Duran Duran
16%
Flood - They Might Be Giants
15%
Forever Changes - Love
15%
Fun House - The Stooges
10%
No matching quizzes found
Score Distribution
Percent of People with Each Score
Percentile by Number Answered
Your Score History
You have not taken this quiz